000 00504nam a2200181Ia 4500
008 090123s9999 xx 000 0 und d
082 _b34379
100 _aफडके य. दि.
245 _aस्मरणरेखा
250 _a1
260 _bशब्द प्रकाशन
_c1999
300 _a119
600 _aफडके य. दि.
630 _aस्मरणरेखा
700 _aफडके य. दि.
730 _aस्मरणरेखा
942 _cBOOK
999 _c72435
_d72435